000 00619nam a2200229Ia 4500
003 OSt
005 20220918202550.0
006 a|||||r|||| 00| 0
007 ta
008 220917b |||||||| |||| 00| 0 eng d
024 _a102,182
037 _cTextual
040 _aARTS
_cARTS
_beng
041 _2eng
_aeng
082 _aV225TE,64.N75, M0
100 _aRao K ranga
_9104352
245 0 _aVilliage politics
_b a longitudinal study
260 _aBombay
_bpopular prakashan
_c1980
650 _aHISTORY
942 _hV225TE,64.N75, M0
_cTEXL
_2CC
999 _c225642
_d225642